[Event "HUN Team League Csongrad Region 2018-19 "]
[Site "Csongrád County"]
[Date "2019.03.17"]
[Round "8.5"]
[White "Pluhar, Andras"]
[Black "Patko, Lajos"]
[Result "1/2-1/2"]
[WhiteElo "1875"]
[BlackElo "1715"]
[PlyCount "46"]
[EventDate "2018.09.30"]
[WhiteTeam "Maróczy Géza SE IV."]
[BlackTeam "Szentesi Sakk SE II."]

1. e4 e6 2. d4 d5 3. Bd3 Nf6 4. e5 Nfd7 5. Ne2 c5 6. c3 Qb6 7. Nd2 Nc6 8. Nf3
cxd4 9. cxd4 Bb4+ 10. Kf1 O-O 11. h4 f6 12. exf6 Nxf6 13. Be3 Bd6 14. Qd2 Bd7
15. Ne5 Qb4 16. Nxd7 Nxd7 17. Qc2 Nf6 18. a3 Qb6 19. f3 Rac8 20. Qd2 Na5 21.
Rb1 Nc4 22. Bxc4 Rxc4 23. Bf2 Rfc8 1/2-1/2

[Event "HUN Team League Csongrad Region 2018-19 "]
[Site "Csongrád County"]
[Date "2019.03.17"]
[Round "8.5"]
[White "Kozak, Janos"]
[Black "Blazsik, Zoltan"]
[Result "1-0"]
[WhiteElo "1505"]
[BlackElo "1675"]
[PlyCount "63"]
[EventDate "2018.09.30"]
[WhiteTeam "Szentesi Sakk SE II."]
[BlackTeam "Maróczy Géza SE IV."]

1. c4 c5 2. Nf3 Nc6 3. Nc3 g6 4. g3 Bg7 5. Bg2 Nf6 6. d4 cxd4 7. Nxd4 O-O 8.
O-O Qb6 9. e3 a6 10. b3 d6 11. Bb2 Bg4 12. Qd2 Rad8 13. h3 Bd7 14. Kh2 Rfe8 15.
Rad1 Ne5 16. f4 Nc6 17. e4 Nxd4 18. Na4 Bxa4 19. Bxd4 Qc7 20. bxa4 Qxc4 21. a5
Rc8 22. Rc1 Qa4 23. Rfe1 Rxc1 24. Rxc1 Bh6 25. Bxf6 exf6 26. Rc7 f5 27. Qd5 Re6
28. exf5 gxf5 29. Qxf5 Qe8 30. h4 Bf8 31. Bd5 Re2+ 32. Kh3 1-0

[Event "HUN Team League Csongrad Region 2018-19 "]
[Site "Csongrád County"]
[Date "2019.03.17"]
[Round "8.5"]
[White "Lakatos, Alfred"]
[Black "Bullas, Gabor"]
[Result "1-0"]
[WhiteElo "1531"]
[BlackElo "1056"]
[PlyCount "39"]
[EventDate "2018.09.30"]
[WhiteTeam "Maróczy Géza SE IV."]
[BlackTeam "Szentesi Sakk SE II."]

1. Nf3 d5 2. e3 Nc6 3. d4 e5 4. Nxe5 Nxe5 5. dxe5 Be6 6. Nd2 Qd7 7. Nf3 O-O-O
8. a4 Bc5 9. c3 Ne7 10. b4 Bxb4 11. cxb4 Qc6 12. Bb2 Bf5 13. Qd4 Qb6 14. a5
Qxd4 15. Nxd4 Be6 16. Bd3 g6 17. Rc1 c6 18. O-O Rhf8 19. b5 Bd7 20. Ba3 1-0

[Event "HUN Team League Csongrad Region 2018-19 "]
[Site "Csongrád County"]
[Date "2019.03.17"]
[Round "8.5"]
[White "Kelecsenyi, Miklos"]
[Black "Veres, Sandor"]
[Result "1/2-1/2"]
[WhiteElo "1457"]
[BlackElo "1493"]
[PlyCount "41"]
[EventDate "2018.09.30"]
[WhiteTeam "Szentesi Sakk SE II."]
[BlackTeam "Maróczy Géza SE IV."]

1. e4 e6 2. d4 d5 3. e5 c5 4. c3 Nc6 5. Nf3 Qb6 6. b3 cxd4 7. cxd4 Bd7 8. Be3
Nge7 9. Bd3 Nb4 10. Nc3 Nxd3+ 11. Qxd3 Nf5 12. O-O Bb4 13. Rfc1 Bxc3 14. Rxc3
O-O 15. Rac1 Bb5 16. Qd2 Bc6 17. Qb2 a6 18. Qd2 Qb4 19. a4 Rad8 20. Qc2 h6 21.
g4 1/2-1/2